000 00530nam a2200193Ia 4500
005 20250508162326.0
008 008 250505s9999 xx 000 0 hin d
020 _a0-460-00504-9
037 _aReference
040 _aFEDL
_beng
_cFEDL
041 _ahin
_2eng
084 _a891.403, NAG
_qFEDL
100 _aNagendra Ed.
245 0 _aBhartiya sahitya kosh
260 _aNew Delhi, India
_bNational Publishing House
_c1981
300 _aix,1437p.
942 _cREF
_h891.403, NAG
999 _c1375850
_d1375850